| 000 | 04002cgm a2200817Ii 4500 | ||
|---|---|---|---|
| 001 | ocn986229805 | ||
| 003 | OCoLC | ||
| 005 | 20230829125018.0 | ||
| 007 | vd csaizq | ||
| 008 | 170508t20132013xx 077 g vaeng d | ||
| 024 | 8 | _a8717418397609 | |
| 028 | 4 | 1 |
_a7R600090STA1A _bDisney |
| 028 | 4 | 1 |
_aBUY0205501 _bDisney |
| 035 |
_a(OCoLC)986229805 _z(OCoLC)962361064 |
||
| 040 |
_aJP3 _beng _erda _cJP3 _dJP3 _dIHX _dOCL _dOCLCA _dWACOL |
||
| 041 | 1 |
_adut _aeng _afre _ager _aita _apor _aspa _heng |
|
| 049 | _aWACL | ||
| 050 | 4 |
_aPN1997.2 _b.L58 2013 |
|
| 082 | 0 | 4 |
_a791.43/75 _223 |
| 092 |
_aBlu-ray _bLit |
||
| 245 | 0 | 4 |
_aThe little mermaid: _pAriel's beginning |
| 246 | 1 |
_iAt head of title : _aDisney |
|
| 246 | 3 | 0 | _aAriel's beginning |
| 264 | 1 |
_a[Place of publication not identified] : _bDisney, _c[2013] |
|
| 264 | 4 | _c©2013 | |
| 300 |
_a1 videodisc (approximately 77 min.) : _bsound, color ; _c4 3/4 in. |
||
| 336 | _atwo-dimensional moving image | ||
| 337 | _avideo | ||
| 338 | _avideodisc | ||
| 500 | _aOriginally released in 2008. | ||
| 500 | _aBased on the Danish fairy tale, The little mermaid, by Hans Christian Andersen. | ||
| 500 | _aWidescreen (1.78:1). | ||
| 500 | _aBonus features: Splashdance: a dancer's adventures under the sea; Deleted scenes: Sebastian waking the girls, Ariel follows Flounder; Sing along with the movie. | ||
| 511 | 1 | _aJodi Benson, Samuel E. Wright, Jim Cummings, Sally Field, Parker Goris, Tara Strong. | |
| 520 | _aLong before Ariel walked on land, she was one of seven beloved daughters of King Triton. But times were troubled, and music was banned! Ariel, her sisters, and her loyal friends Sebastian and Flounder strive to bring music and friendship back to Atlantica. | ||
| 521 | 8 |
_aRating: G ; _aBritish Board of Film Classification rating: U (Universal): suitable for all; contains very mild threat and menace. |
|
| 521 |
_aChildren's DVD _bAmazon |
||
| 538 | _aBlu-ray ; widescreen (16 x 9, 1.78:1) ; 1080p high definition ; DTS-HD Master Audio 5.1, DTS-HD HR 5.1; requires Blu-ray player. | ||
| 546 | _aIn English, Dutch, French, German, Italian, Portuguese, and Spanish; subtitles in English, Dutch, French, German, Italian, Portuguese, and Spanish; English subtitles for the deaf and hard of hearing (SDH). | ||
| 600 | 0 | 0 |
_aAriel _c(Mermaid) _vJuvenile films. _95999884 |
| 600 | 0 | 7 |
_aAriel _c(Mermaid) _2fast _95999888 |
| 650 | 0 |
_aMermaids _vJuvenile films. _95711763 |
|
| 650 | 0 |
_aMusic and youth _vJuvenile films. _96472667 |
|
| 650 | 0 |
_aFathers and daughters _vJuvenile films. _96429039 |
|
| 650 | 1 |
_aMermaids _vDrama. _95699442 |
|
| 650 | 1 |
_aAriel (Fictitious character : Disney) _vDrama. _96472668 |
|
| 650 | 7 |
_aMusic and youth. _2fast _95999889 |
|
| 650 | 7 |
_aFathers and daughters. _2fast _95999890 |
|
| 650 | 7 |
_aMermaids. _2fast _95999891 |
|
| 655 | 7 |
_aFilm adaptations. _2fast _95999892 |
|
| 655 | 7 |
_aFeature films. _2lcgft _95999893 |
|
| 655 | 7 |
_aAnimated films. _2lcgft _95999894 |
|
| 655 | 7 |
_aChildren's films. _2lcgft _95999895 |
|
| 655 | 7 |
_aFilm adaptations. _2lcgft _95999892 |
|
| 655 | 7 |
_aVideo recordings for the hearing impaired. _2lcgft _95999896 |
|
| 655 | 7 |
_aAnimated films. _2fast _95999894 |
|
| 655 | 7 |
_aChildren's films. _2fast _95999895 |
|
| 655 | 7 |
_aFeature films. _2fast _95999893 |
|
| 655 | 7 |
_aJuvenile works. _2fast _95673941 |
|
| 655 | 7 |
_aVideo recordings for the hearing impaired. _2fast _95999896 |
|
| 700 | 1 |
_aAndersen, Hans Christian, _d1825-1885. _tThe little mermaid. _95999897 |
|
| 700 | 1 |
_aBenson, Jodi, _evoice actor. _976414 |
|
| 700 | 1 |
_aWright, Samuel E., _evoice actor. _937699 |
|
| 700 | 1 |
_aCummings, Jim, _d1952- _evoice actor. _95745456 |
|
| 700 | 1 |
_aField, Sally, _evoice actor. _927499 |
|
| 700 | 1 |
_aGoris, Parker, _evoice actor. _95813669 |
|
| 700 | 1 |
_aStrong, Tara, _d1973- _evoice actor. _969531 |
|
| 710 | 2 |
_aWalt Disney Studios Home Entertainment (Firm), _epublisher. _95731382 |
|
| 942 |
_cBLUE-RAY _2ddc |
||
| 948 |
_a03/13/2019 _zSirsi |
||
| 999 |
_c318501 _d318500 |
||